000 01294pam a2200397 a 4500
005 20260322212018.0
008 data
010 _a 97024777
020 _a0553212761 (pbk.)
020 _a9780553212761 (pbk.)
040 _aDLC
_cDLC
_dDLC
043 _ae-uk-en
050 0 0 _aPR4034
_b.M3 1997b
082 0 0 _a823/.7
_221
099 _aAUSTEJ
100 1 _aAusten, Jane,
_d1775-1817.
245 1 0 _aMansfield Park /
_cJane Austen.
250 _aBantam Classic edition, July 1983.
260 _aNew York :
_bBantam Books,
_c1814, 1983
300 _a389 p. :
_c19 cm.
440 4 _aThe New York Public Library collector's edition
504 _aIncludes bibliographical references (p. [453]-455).
650 0 _aYoung women
_xFiction.
650 0 _aChildren of the rich
_vFiction.
650 0 _aCountry homes
_vFiction.
650 0 _aAdoptees
_vFiction.
650 0 _aCousins
_vFiction.
650 0 _aUncles
_vFiction.
650 0 _aEnglish literature
651 0 _aEngland
_vFiction.
655 7 _aDomestic fiction.
_2lcsh
655 7 _aLove stories.
_2gsafd
856 4 2 _3Contributor biographical information
_uhttp://www.loc.gov/catdir/bios/random057/97024777.html
856 4 2 _3Publisher description
_uhttp://www.loc.gov/catdir/description/random049/97024777.html
001 data
999 _c397
_d397